ಇತಿಹಾಸ ಮತ್ತು ಪೌರನೀತಿ ಬೋಧನೆ (Record no. 238414)

MARC details
000 -LEADER
fixed length control field 00531nam a2200193Ia 4500
003 - CONTROL NUMBER IDENTIFIER
control field OSt
005 - DATE AND TIME OF LATEST TRANSACTION
control field 20260224113300.0
008 - FIXED-LENGTH DATA ELEMENTS--GENERAL INFORMATION
fixed length control field 250729s2007 xx 000 0 und d
040 ## - CATALOGING SOURCE
Transcribing agency AL
041 ## - LANGUAGE CODE
Language code of text/sound track or separate title kan
082 ## - DEWEY DECIMAL CLASSIFICATION NUMBER
Classification number 930.7 HOLI
100 ## - MAIN ENTRY--PERSONAL NAME
Personal name ಹೊಳೆಯಣ್ಣವರ ಎಸ್ ಕೆ
9 (RLIN) 229685
245 ## - TITLE STATEMENT
Title ಇತಿಹಾಸ ಮತ್ತು ಪೌರನೀತಿ ಬೋಧನೆ
260 ## - PUBLICATION, DISTRIBUTION, ETC.
Place of publication, distribution, etc. ಗದಗ
Date of publication, distribution, etc. 2007
300 ## - PHYSICAL DESCRIPTION
Extent 283p
650 ## - SUBJECT ADDED ENTRY--TOPICAL TERM
Topical term or geographic name entry element History
9 (RLIN) 229686
700 ## - ADDED ENTRY--PERSONAL NAME
Personal name Rao Digumurthi
9 (RLIN) 229687
942 ## - ADDED ENTRY ELEMENTS (KOHA)
Source of classification or shelving scheme Dewey Decimal Classification
Koha item type School of Education
Holdings
Withdrawn status Lost status Damaged status Not for loan Home library Current library Date acquired Source of acquisition Cost, normal purchase price Total Checkouts Full call number Barcode Date last seen Cost, replacement price Price effective from Koha item type
        St Aloysius Library St Aloysius Library 07/29/2025 School Book Company 120.00   930.7 HOLI BED03733 07/29/2025 120.00 07/29/2025 Book